Methods in insect sensory neuroscience /

Bibliographic Details
Other Authors: Christensen, Thomas A., 1956-
Format: Book
Language:English
Published: Boca Raton : CRC Press, [2005]
Series:Frontiers in neuroscience (Boca Raton, Fla.)
Subjects:

MARC

Tag First Indicator Second Indicator Subfields
LEADER 00000cam a2200000 a 4500
001 in00002034449
005 20151101054343.0
008 040713s2005 fluaf b 001 0 eng
010 |a  2004055218 
020 |a 0849320240 (alk. paper) 
035 |a (OCoLC)ocm55962450 
040 |a DLC  |c DLC  |d C#P  |d AGL  |d CLU  |d TXA  |d UtOrBLW 
049 |a TXAM 
050 0 0 |a QL495  |b .M48 2005 
070 0 |a QL495  |b .M48 2005 
082 0 0 |a 571.7/157  |2 22 
245 0 0 |a Methods in insect sensory neuroscience /  |c edited by Thomas A. Christensen. 
264 1 |a Boca Raton :  |b CRC Press,  |c [2005] 
264 4 |c ©2005 
300 |a 435 pages, 12 unnumbered pages of color plates :  |b illustrations ;  |c 25 cm. 
336 |a text  |b txt  |2 rdacontent 
337 |a unmediated  |b n  |2 rdamedia 
338 |a volume  |b nc  |2 rdacarrier 
490 1 |a Frontiers in neuroscience 
504 |a Includes bibliographical references and index. 
650 0 |a Insects  |x Nervous system  |x Research  |x Methodology. 
650 1 2 |a Insects  |x physiology  |v Laboratory Manuals. 
650 2 2 |a Sensory Receptor Cells  |x physiology  |v Laboratory Manuals. 
650 2 2 |a Sensation  |x physiology  |v Laboratory Manuals. 
650 2 2 |a Sense Organs  |x physiology  |v Laboratory Manuals. 
700 1 |a Christensen, Thomas A.,  |d 1956- 
830 0 |a Frontiers in neuroscience (Boca Raton, Fla.) 
994 |a C0  |b TXA 
948 |a cataloged  |b h  |c 2005/3/29  |d c  |e bwalker  |f 12:05:46 pm 
999 |a MARS 
999 f f |s ed5bbda7-c8af-31d3-87d7-07f2cb32a99a  |i 60a187b5-968b-3d73-aa3d-03e45d6fb7d9  |t 0 
952 f f |p normal  |a Texas A&M University  |b College Station  |c Sterling C. Evans Library  |d Evans: Library Stacks  |t 0  |e QL495 .M48 2005  |h Library of Congress classification  |i unmediated -- volume  |m A14832623734 
998 f f |a QL495 .M48 2005  |t 0  |l Evans: Library Stacks